000 00591nam a22001937a 4500
005 20170818164836.0
010 _aENG-119671
020 _a9788179663561
_c160.00
035 _aEN-103203
037 _bDBAD/PUB
082 _a880.92
100 _aAkkamadevi P.
245 _aM.Y. ghorpade :
_cby Akkamadevi P.
_ba study /
260 _aChennai
_bEmerald Publishers
_c2017
270 _a15A, First Floor, Casa Major Road Egmore,
_bChennai
_e600008
300 _a175p.;
_bill.
_c22cm(pbk)
500 _aIncludes bibliographical references
942 _2ddc
_cEN
_h880.92
_mAKK
999 _c143266
_d143266